000 01407nam a22002057a 4500
999 _c10100
_d10100
003 AR-CdUCM
008 190329b ||||| |||| 00| 0 spa d
020 _a968-29-1372-1
040 _aMUNICIPALIDAD PROVINCIAL DEL CUSCO
_cBIBLIOTECA MUNICIPAL DEL CUSCO
082 _aEP / 372.036 /
_bC71
110 _aSecretaria de educación publica
_917942
245 _aColibrí /
260 _aMéxico :
_bGráficas Monte Albán,
_c1979.
300 _a19 tomos ;
_bIlustraciones,
_c27 cm.
505 _aContenido :T.1: C.Naturales-Mi cuerpo --T.2: El viaje de oriflama y mas leyendas --T.3: Literatura-Francisca y la muerte y otros cuentos --T.4: Historia-La conquista --T.5: Literatura-La vendedora de nubes y otros cuentos --T.6: Historia-La tumba misteria y otros relatos --T.7: Literatura-La pulga aventurera y otros cuentos --T.8: Literatura-Animarbujas y otros cuentos --T.19: Historia-La colonia --T.10: Animales fantasticos y mas leyendas --T.11: Historia-De la independencia a la revolución --T.12: C.Naturales-El agua y tu --T.13: Arte, ciencia y técnica I --T.14: Arte, ciencia y técnica II --T.15: Arte, ciencia y técnica III -T.17: Arte, ciencia y técnica V --T.20: C.Naturales-Animales mexicanos,aves y mariposas --T.21: Historia-Los piratas --T.22: Historia-Mayas y Aztecas /
650 _aCuentos infantiles peruanos
_93914
650 _aSiglo XX
_98
942 _2ddc
_cLIBROS
945 _arjall